KOHA-Header-6

Linear Algebra and its applications (Record no. 450)

000 -LEADER
fixed length control field 00304nam a2200121Ia 4500
008 - FIXED-LENGTH DATA ELEMENTS--GENERAL INFORMATION
fixed length control field 190722s9999 xx 000 0 und d
020 ## - INTERNATIONAL STANDARD BOOK NUMBER
International Standard Book Number 978-81-775-8333-5
100 ## - MAIN ENTRY--PERSONAL NAME
Personal name David C Lay
245 #0 - TITLE STATEMENT
Title Linear Algebra and its applications
260 ## - PUBLICATION, DISTRIBUTION, ETC. (IMPRINT)
Place of publication, distribution, etc New Delhi
Name of publisher, distributor, etc Pearson ED
Date of publication, distribution, etc 2014
300 ## - PHYSICAL DESCRIPTION
Extent 530
942 ## - ADDED ENTRY ELEMENTS (KOHA)
Koha item type Books
Holdings
Withdrawn status Lost status Source of classification or shelving scheme Damaged status Not for loan Collection code Permanent Location Current Location Shelving location Date acquired Full call number Barcode Date last seen Price effective from Koha item type
        Not For Loan Mathematics MAJU MAJU Shelf No.A39 REF 2019-07-22 512.5 7076 2019-07-22 2019-07-22 Mathematics

Powered by Koha